| 000 | 00362pab a2200145 454500 | ||
|---|---|---|---|
| 008 | 180718b1985 xxu||||| |||| 00| 0 eng d | ||
| 100 | _aGrawford, Malcolm | ||
| 245 | _aThird World debt is here to stay | ||
| 260 | _c1985 | ||
| 300 | _a13-31 | ||
| 362 | _aJan. | ||
| 650 | _aForeign Credit - Underdeveloped Areas | ||
| 773 | _aLloyde Bank Review | ||
| 909 | _a8768 | ||
| 999 |
_c8768 _d8768 |
||